| 000 | 00845nam a2200193 a 4500 | ||
|---|---|---|---|
| 005 | 20210219160119.0 | ||
| 008 | 080804s1985 mx r 000 0 spa d | ||
| 035 | _aUPN01000158997 | ||
| 049 | _aUNE | ||
| 080 | _a37 (728.1) "1985" PER | ||
| 245 | 0 | 4 |
_aLos perfiles educativos de América Latina : _bperfil educativo Guatemala 1985 / _celaborado a través de la División de Planeamiento, Investigación y Estudios de la Educación. |
| 260 |
_aWashington, D.C. : _bOEA, Programa Regional de Desarrollo Educativo, _c1985. |
||
| 300 |
_a27 p. : _bfot. |
||
| 440 | 0 |
_aPerfiles Educativos de América Latina. _pGuatemala |
|
| 690 | _aOrganización de la educación - Guatemala | ||
| 690 | _a. Guatemala - Organización de la educación | ||
| 710 | 2 |
_aOEA. _bDivisión de Planeamiento, Investigación y Estudios de la Educación |
|
| 905 | _aUNESCO | ||
| 999 |
_c131111 _d131111 |
||